| 000 | 00581nam a2200253Ia 4500 | ||
|---|---|---|---|
| 005 | 20250425161040.0 | ||
| 008 | 250425s9999 xx 000 0 und d | ||
| 020 | _a8429134530 | ||
| 041 | _aspa | ||
| 082 | _a621.381 | ||
| 100 | _aTOKHEIM, ROGER L. | ||
| 245 | 0 | _aELECTRONICA DIGITAL | |
| 250 | _a1A ED. | ||
| 260 | _aBARCELONA | ||
| 260 |
_aEspaƱa _bREVERTE _c1986 |
||
| 300 | _a178 | ||
| 650 | _aCODIFICACION | ||
| 650 | _aCOMPUERTAS LOGICAS | ||
| 650 | _aELECTRONICA DIGITAL | ||
| 650 | _aFLIP FLOPS | ||
| 650 | _aMEMORIA | ||
| 942 | _c01 | ||
| 010 | _a11357 | ||
| 999 |
_c201383 _d201383 |
||